| 000 | 00899nam a22002177a 4500 | ||
|---|---|---|---|
| 999 |
_c9938 _d9938 |
||
| 003 | AR-CdUCM | ||
| 008 | 190328b ||||| |||| 00| 0 spa d | ||
| 040 |
_aMUNICIPALIDAD PROVINCIAL DEL CUSCO _cBIBLIOTECA MUNICIPAL DEL CUSCO |
||
| 082 |
_a070 / _bSA19 |
||
| 100 |
_aSamaniego, Abelardo _926491 |
||
| 245 | _aManual del corresponsal / | ||
| 260 |
_aPerú : _bImp. Mercagraph S.A., _c[s.a]. |
||
| 300 |
_a[s.n] ; _bilustraciones ; _c19.5 cm. |
||
| 500 | _aDonación de la familia Nieto. | ||
| 505 | _aContenido: Corresponsal -- ¿Cómo debe se la noticia? -- No es noticia -- Técnica para centralizar noticias -- Modo de enviar las noticias -- Clases de comunicación noticiosa -- El uso generalizado del "stop" ... | ||
| 650 |
_aPeriodismo _91929 |
||
| 650 |
_aCorresponsales de periodismo _926492 |
||
| 650 |
_aCorresponsales - Manuales _926493 |
||
| 942 |
_2ddc _cLIBROS |
||
| 945 | _alccs | ||